Normal view
MARC view
Entry Corporate Name
001 - CONTROL NUMBER
- control field: 48129
003 - CONTROL NUMBER IDENTIFIER
- control field: ARRUPE
005 - DATE AND TIME OF LATEST TRANSACTION
- control field: 20190912115727.0
008 - FIXED-LENGTH DATA ELEMENTS
- fixed length control field: 190912|| aca||aabn | a|a d
040 ## - CATALOGING SOURCE
- Original cataloging agency: ARRUPE
- Transcribing agency: ARRUPE
110 ## - HEADING--CORPORATE NAME
- Corporate name or jurisdiction name as entry element: Pacific Studies Center.
670 ## - SOURCE DATA FOUND
- Source citation: Work cat.: (ARRUPE)0: Weissman, Steve. 48126, The Trojan horse;, [1974]